Central Library OPAC University of Rajshahi

Oliver and Chapman's data processing and information technology / (Record no. 40252)

MARC details
000 -LEADER
fixed length control field 00949nam a2200301 a 4500
001 - CONTROL NUMBER
control field 40252
003 - CONTROL NUMBER IDENTIFIER
rucl marc code 929560
005 - DATE AND TIME OF LATEST TRANSACTION
control field 20211209053158.0
008 - FIXED-LENGTH DATA ELEMENTS--GENERAL INFORMATION
fixed length control field 011105r20011996enka 001 0 eng d
020 ## - INTERNATIONAL STANDARD BOOK NUMBER
International Standard Book Number 8170299942
035 ## - SYSTEM CONTROL NUMBER
System control number (BD-RjUL)40367
040 ## - CATALOGING SOURCE
Original cataloging agency BD-RjUL
Language of cataloging eng
Transcribing agency BD-RjUL
041 ## - LANGUAGE CODE
Language code of text/sound track or separate title eng
082 0# - DEWEY DECIMAL CLASSIFICATION NUMBER
Edition number 23
Classification number 004
Author mark and year FRO 1997
100 1# - MAIN ENTRY--PERSONAL NAME
Personal name French, C. S.
9 (RLIN) 124007
245 10 - TITLE STATEMENT
Title Oliver and Chapman's data processing and information technology /
Statement of responsibility, etc. C S French
250 ## - EDITION STATEMENT
Edition statement 10th ed.
260 ## - PUBLICATION, DISTRIBUTION, ETC. (IMPRINT)
Place of publication, distribution, etc. New Delhi
Name of publisher, distributor, etc. BPB Publication,
Date of publication, distribution, etc. 1997
300 ## - PHYSICAL DESCRIPTION
Pagination vii, 501 p. :
Illustrations ill. ;
Size 25 cm.
500 ## - GENERAL NOTE
General note Originally published: 1996.
General note Previous ed.: London : DP, 1993.
504 ## - BIBLIOGRAPHY, ETC. NOTE
Bibliography, etc Includes index.
650 #0 - SUBJECT ADDED ENTRY--TOPICAL TERM
Topical term or geographic name as entry element Electronic data processing.
9 (RLIN) 118415
Topical term or geographic name as entry element Information technology.
9 (RLIN) 118865
700 1# - ADDED ENTRY--PERSONAL NAME
Personal name Oliver, E. C.
Fuller form of name (E. Colin),
Dates associated with a name 1932-
Personal name Chapman, R. J.
Fuller form of name (Richard James),
Dates associated with a name 1941-
942 ## - ADDED ENTRY ELEMENTS (KOHA)
Source of classification or shelving scheme Dewey Decimal Classification
Koha item type Books
Holdings
Lost status Source of classification or shelving scheme Damaged status Not for loan Collection code Permanent Location Current Location Shelving location Date acquired Source of acquisition Cost, normal purchase price Total Checkouts Full call number Date last seen Copy number Koha item type
  Dewey Decimal Classification     Non-fiction Central Library, University of Rajshahi Central Library, University of Rajshahi   20/07/2003 Ankur Prokasoni 152.00   004 FRO 1997 26/04/2016 C-2 Books
  Dewey Decimal Classification   Not For Loan Non-fiction Central Library, University of Rajshahi Central Library, University of Rajshahi Reading Room 20/07/2003 Dhaka, Ankur Prakashani, 152.00   004 FRO 1997 04/04/2017 C-1 Books